[Event "AUTO-MASTER-526"]
[Site "http://www.queenalice.com/game.php?id=404591"]
[Date "2008.5.17"]
[Round "1"]
[White "ClaudioAmodeo"]
[Black "Indefinable"]
[Result "1/2-1/2"]
[WhiteElo "2215"]
[BlackElo "2097"]

1. e4 e5 2. Nf3 Nc6 3. Bb5 d6 4. O-O Nf6 5. Nc3 Be7 6. d4 exd4 7. Nxd4 Bd7 8.
Bxc6 bxc6 9. Be3 O-O 10. h3 h6 11. f4 a6 12. Qf3 Nh7 13. e5 d5 14. f5 Bb4 15. f6
c5 16. fxg7 Kxg7 17. Nf5+ Bxf5 18. Qxf5 d4 19. Ne4 dxe3 20. Nf6 Nxf6 21. exf6+
Kh8 22. Qh5 Kh7 23. Rf4 e2 24. Qf5+ Kh8 25. Qh5 Kh7 26. Qf5+ Kh8 1/2-1/2

[Event "Challenge"]
[Site "http://www.queenalice.com/game.php?id=406650"]
[Date "2008.5.22"]
[Round "-"]
[White "ClaudioAmodeo"]
[Black "KLEOJ"]
[Result "0-1"]
[WhiteElo "2185"]
[BlackElo "2071"]

1. e4 c5 2. Nf3 e6 3. d4 cxd4 4. Nxd4 a6 5. Nc3 Qc7 6. Be2 Nf6 7. O-O b5 8. Bf3
e5 9. Nf5 d6 10. Bg5 Nbd7 11. Qd2 h6 12. Bxf6 Nxf6 13. Rad1 Bxf5 14. exf5 Rc8
15. Nd5 Nxd5 16. Qxd5 Be7 17. Bh5 O-O 18. f6 Bxf6 19. Qxd6 Qxd6 20. Rxd6 Rxc2
21. Rb1 e4 22. Rxa6 Bd4 23. b3 Rxf2 24. Kh1 g6 25. Bg4 Rd8 26. Re1 Bc3 27. Rg1
e3 28. Rc6 b4 29. a3 e2 30. Bxe2 Rxe2 31. axb4 Bxb4 32. Rc4 Be1 33. h3 h5 34.
Rc1 Bg3 35. Rb1 Rdd2 36. b4 Bc7 0-1

[Event "Challenge"]
[Site "http://www.queenalice.com/game.php?id=406763"]
[Date "2008.5.22"]
[Round "-"]
[White "zegan13"]
[Black "ClaudioAmodeo"]
[Result "1-0"]
[WhiteElo "2212"]
[BlackElo "2218"]

1. e4 c5 2. Nf3 d6 3. d4 cxd4 4. Nxd4 Nf6 5. Nc3 a6 6. Bc4 e6 7. Bb3 Be7 8. f4
Qc7 9. f5 e5 10. Nf3 Nbd7 11. Bg5 O-O 12. g4 Qc5 13. Qe2 b5 14. Be3 Qb4 15. Bd2
Qc5 16. g5 Nh5 17. Be3 Qb4 18. Nd2 Bxg5 19. Bxg5 Ndf6 20. Nd5 Qc5 21. Be3 Nf4
22. Nxf6+ Kh8 23. Bxc5 Nxe2 24. Bxd6 1-0

[Event "AUTO-MASTER-530"]
[Site "http://www.queenalice.com/game.php?id=407016"]
[Date "2008.5.23"]
[Round "1"]
[White "ClaudioAmodeo"]
[Black "razoman"]
[Result "1-0"]
[WhiteElo "2236"]
[BlackElo "1957"]

1. e4 c5 2. Nf3 a6 3. d4 cxd4 4. Nxd4 Nc6 5. Be3 d6 6. Bc4 e6 7. Nc3 g6 8. Bb3
Bg7 9. O-O Nf6 10. f4 O-O 11. f5 Nxd4 12. Bxd4 e5 13. Be3 b5 14. fxg6 hxg6 15.
Bg5 Qb6+ 16. Kh1 Ng4 17. Qe2 Nh6 18. Nd5 Qc5 19. Be3 Bg4 20. Qf2 1-0

[Event "AUTO-MASTER-530"]
[Site "http://www.queenalice.com/game.php?id=407017"]
[Date "2008.5.23"]
[Round "1"]
[White "razoman"]
[Black "ClaudioAmodeo"]
[Result "1/2-1/2"]
[WhiteElo "1963"]
[BlackElo "2204"]

1. e4 c5 2. Nf3 d6 3. h3 Nf6 4. Nc3 Nc6 5. Bb5 e5 6. O-O Be7 7. d3 h6 8. Nd5 O-O
9. Bxc6 bxc6 10. Nxe7+ Qxe7 11. c4 Rb8 12. b3 Qc7 13. Bd2 d5 14. Qe1 dxc4 15.
dxc4 Be6 16. Bc3 Nd7 17. Rd1 f6 18. Rd3 Rfd8 19. Qd2 Nb6 20. Rd1 Rxd3 21. Qxd3
Kf7 22. Nh4 g5 23. Nf5 Bxf5 24. exf5 Re8 25. Qf3 Kg7 26. Ba5 Rc8 27. Bxb6 axb6
28. Qh5 Qf7 29. Qxf7+ Kxf7 30. Rd7+ Kg8 31. Rb7 b5 32. cxb5 cxb5 33. Rxb5 c4 34.
bxc4 Rxc4 35. Ra5 h5 36. g3 g4 37. h4 Rc3 38. a4 Rf3 39. Ra6 Rxf5 40. Ra8+ Kg7
41. a5 Rf3 42. a6 Ra3 43. a7 f5 44. Kf1 f4 45. Re8 Rxa7 46. Rxe5 fxg3 47. fxg3
Kg6 48. Ke2 Ra3 49. Re3 Ra2+ 50. Kf1 Kf5 51. Ke1 Rb2 52. Kf1 Ra2 53. Ke1 Rb2
1/2-1/2

[Event "AUTO-MASTER-530"]
[Site "http://www.queenalice.com/game.php?id=407018"]
[Date "2008.5.23"]
[Round "1"]
[White "ClaudioAmodeo"]
[Black "MirceaH"]
[Result "0-1"]
[WhiteElo "2133"]
[BlackElo "2157"]

1. e4 c6 2. d4 d5 3. e5 Bf5 4. Nf3 e6 5. c4 Nd7 6. Nc3 Ne7 7. Bg5 h6 8. Bh4 Qa5
9. Qb3 g5 10. Bg3 O-O-O 11. Be2 dxc4 12. Bxc4 Nb6 13. O-O Nxc4 14. Qxc4 Nd5 15.
Rfd1 Be7 16. a3 Kb8 17. b4 Qb6 18. Ra2 h5 19. h4 Bg4 20. Nxd5 cxd5 21. Qd3 gxh4
22. Bf4 h3 23. a4 Rdg8 24. a5 Qxb4 25. Rb1 Qc4 26. Qb3 Qa6 27. Rab2 Ka8 28. Ne1
Bf5 29. Rc1 hxg2 30. Nxg2 Rc8 31. Kh2 Rxc1 32. Bxc1 Rg8 33. f3 h4 34. Ne3 Bg5
35. Nxd5 exd5 36. Bxg5 Rxg5 0-1

[Event "AUTO-MASTER-530"]
[Site "http://www.queenalice.com/game.php?id=407019"]
[Date "2008.5.23"]
[Round "1"]
[White "MirceaH"]
[Black "ClaudioAmodeo"]
[Result "1-0"]
[WhiteElo "2112"]
[BlackElo "2219"]

1. e4 c5 2. Nf3 d6 3. d4 cxd4 4. Nxd4 Nf6 5. Nc3 a6 6. Bg5 e6 7. f4 Be7 8. Qf3
Qc7 9. O-O-O O-O 10. Qg3 Nc6 11. Be2 b5 12. Nxc6 Qxc6 13. e5 dxe5 14. Bf3 e4 15.
Bxf6 exf3 16. Qxg7# 1-0

[Event "AUTO-MASTER-530"]
[Site "http://www.queenalice.com/game.php?id=407020"]
[Date "2008.5.23"]
[Round "1"]
[White "ClaudioAmodeo"]
[Black "bomfim"]
[Result "0-1"]
[WhiteElo "2039"]
[BlackElo "2062"]

1. e4 e5 2. Nf3 Nf6 3. d4 d5 4. Bg5 dxe4 5. Nxe5 Be7 6. Bc4 O-O 7. O-O Nbd7 8.
Nc3 Nxe5 9. dxe5 Nd7 10. Bxe7 Qxe7 11. e6 Ne5 0-1

[Event "AUTO-MASTER-530"]
[Site "http://www.queenalice.com/game.php?id=407021"]
[Date "2008.5.23"]
[Round "1"]
[White "bomfim"]
[Black "ClaudioAmodeo"]
[Result "1-0"]
[WhiteElo "2046"]
[BlackElo "2055"]

1. c4 Nf6 2. Nc3 g6 3. g3 Bg7 4. Bg2 O-O 5. Nf3 c6 6. O-O d5 7. cxd5 cxd5 8. d4
Nc6 9. Bg5 Ne4 10. Bf4 a6 11. Ne5 1-0

[Event "AUTO-ELITE-187"]
[Site "http://www.queenalice.com/game.php?id=407180"]
[Date "2008.5.23"]
[Round "1"]
[White "Vonkinho"]
[Black "ClaudioAmodeo"]
[Result "1-0"]
[WhiteElo "2209"]
[BlackElo "2197"]

1. d4 Nf6 2. c4 g6 3. Nc3 Bg7 4. e4 d6 5. f4 O-O 6. Nf3 c5 7. d5 e6 8. Be2 exd5
9. cxd5 Re8 10. e5 dxe5 11. fxe5 Ng4 12. Bg5 Qb6 13. O-O Nxe5 14. Nxe5 Bxe5 15.
Bc4 Nd7 16. d6 Bd4+ 17. Kh1 Ne5 18. Nd5 Qxd6 19. Nf6+ Kf8 20. Bh6+ Ke7 21. Nd5+
Kd7 22. Bb5+ Ke6 23. Rf6+ 1-0

[Event "AUTO-ELITE-187"]
[Site "http://www.queenalice.com/game.php?id=407181"]
[Date "2008.5.23"]
[Round "1"]
[White "ClaudioAmodeo"]
[Black "Vonkinho"]
[Result "1-0"]
[WhiteElo "2206"]
[BlackElo "2210"]

1. e4 e5 2. Nf3 Nf6 3. d4 exd4 4. e5 Ne4 5. Qxd4 d5 6. exd6 Nxd6 7. Be2 Nc6 8.
Qc3 Nf5 9. O-O Bb4 10. Qb3 O-O 11. Bf4 a5 12. c3 Be6 13. Qc2 Bd6 14. Rd1 Qe7 15.
Bxd6 Nxd6 16. Nbd2 Rfe8 17. Bd3 h6 18. Re1 Qf6 19. Rad1 a4 20. a3 Kf8 21. Re3 b5
22. Rde1 Bd5 23. Ne4 Bxe4 24. Bxe4 Nxe4 25. Rxe4 Rxe4 26. Qxe4 Rd8 27. h4 g6 28.
Kf1 Kg7 29. g4 Rd6 30. g5 hxg5 31. hxg5 Qe6 32. Qf4 Qh3+ 33. Kg1 Qd7 34. Kg2 Kg8
35. Nh2 Rd5 36. Ng4 Rf5 37. Nf6+ Rxf6 38. gxf6 Nd8 39. Re7 Qd5+ 40. f3 Ne6 41.
Qh6 Qg5+ 42. Qxg5 1-0

[Event "Challenge"]
[Site "http://www.queenalice.com/game.php?id=411741"]
[Date "2008.6.1"]
[Round "-"]
[White "emredostmetu"]
[Black "ClaudioAmodeo"]
[Result "1-0"]
[WhiteElo "2307"]
[BlackElo "2105"]

1. e4 c5 2. Bc4 e6 3. Nf3 d5 4. exd5 exd5 5. Bb5+ Bd7 6. Bxd7+ Nxd7 7. O-O Ngf6
8. Re1+ Be7 9. Qe2 d4 10. Nh4 g6 11. d3 Nd5 12. c4 dxc3 13. Nxc3 O-O 14. Nf5
gxf5 15. Nxd5 Bg5 16. Qf3 Bxc1 17. Raxc1 Qg5 18. h4 1-0